[Event "TUR-chT2"]
[Site "Konya"]
[Date "2015.07.26"]
[Round "2.8"]
[White "Kutuk, Alperen"]
[Black "Civi, Akin"]
[Result "0-1"]
[WhiteElo "1608"]
[BlackElo "1649"]
[PlyCount "58"]
[EventDate "2015.07.25"]
[EventType "team-swiss"]
[EventRounds "9"]
[EventCountry "TUR"]
[SourceTitle "CBM 167 Extra"]
[Source "ChessBase"]
[SourceDate "2015.09.14"]
[SourceVersion "1"]
[SourceVersionDate "2015.09.14"]
[SourceQuality "1"]
[WhiteTeam "Adana Dahi"]
[BlackTeam "Hatay Samandag"]
[WhiteTeamCountry "TUR"]
[BlackTeamCountry "TUR"]

1. e4 d5 2. exd5 Nf6 3. d4 Bg4 4. f3 Bf5 5. Bb5+ Nbd7 6. c4 e6 7. dxe6 Bxe6 8. d5 Bf5 9. Ne2 Bc5 10. Nd4 Qe7+ 11. Kf2 0-0 12. Bxd7 Nxd7 13. Be3 Rfe8 14. Nxf5 Bxe3+ 15. Kf1 Qb4 16. Qc2 g6 17. a3 Qb6 18. Ng3 Qd4 19. h4 Nb6 20. h5 Nxc4 21. hxg6 fxg6 22. Ne4 Rf8 23. Nbc3 Bd2 24. Ke2 Rae8 25. Qd3 Bxc3 26. bxc3 Rxe4+ 27. fxe4 Rf2+ 28. Ke1 Qxd3 29. Kxf2 Qe3+ 0-1